000 00797cam a22002533a 4500
001 37911
003 PGUSA
005 20140828083831.0
008 111102s2011||||xxu|||||s|||||000 1 eng d
040 _aPGUSA
_beng
042 _adc
050 4 _aPZ
100 1 _aPenrose, Margaret
245 1 4 _aThe Motor Girls at Lookout Beach; Or, In Quest of the Runaways
_h[electronic resource] /
_cMargaret Penrose
260 _bProject Gutenberg,
_c2011
506 _aPublic domain in the USA.
516 _aElectronic text
653 _aAutomobile travel -- Juvenile fiction
653 _aRunaway children -- Juvenile fiction
653 _aGirls -- Societies and clubs -- Juvenile fiction
830 0 _aProject Gutenberg
_v37911
856 4 0 _uhttp://www.gutenberg.org/ebooks/37911
942 _cEB
999 _c267165
_d267165